| 000 | 00593nam a22001697a 4500 | ||
|---|---|---|---|
| 003 | OSt | ||
| 005 | 20171010095521.0 | ||
| 008 | 120816t xxu||||| |||| 00| 0 eng d | ||
| 040 |
_aMMSU _cULS |
||
| 100 |
_aIbalio, Fe Erlinda D. _912213 |
||
| 245 |
_aPaoay's Guling-guling: Documentation and Threatrical values _cFe Erlinda D. Ibalio |
||
| 260 | _c2006 | ||
| 300 |
_axvi, 118 leaves _c28 cm. |
||
| 500 | _aThesis (MA Education-Physical Education, Health & Music) -- Mariano Marcos State University-Graduate School, Laoag City | ||
| 504 | _aBibliography: leaves 97-100 | ||
| 942 |
_2ddc _cTHEDIS |
||
| 999 |
_c9766 _d9766 |
||